000 00778nam a2200205Ii 4500
003 JO-AjNU
008 230605s9999||||xx |||||||||||||| ||und||
017 _a2010/2/546
040 _aJO-AjNU
_bara
_erda
_cJO-AjNU
041 _aara
050 1 4 _aHD2741.D34.2010
100 3 _aالزعبي،خالد موسى,
_eauthor
_933622
245 0 0 _aدليل منظمات المجتمع المدني الاردني لتطوير السياسات الحكومية(دليل مرجعي)
264 3 1 _aعمان:مؤسسة الأرض والإنسان لدعم التنمية،2010
300 _a604ص
336 _atext
_btxt
_2rdacontent
337 _aunmediated
_bn
_2rdamedia
338 _avolume
_bnc
_2rdacarrier
650 4 _a المؤسسات الإجتماعية - أدلة
_933623
999 _aA13704
_c17272
_d17272